Entry Personal Name
001 - CONTROL NUMBER
- control field: 2558
003 - CONTROL NUMBER IDENTIFIER
- control field: AM-YEHGA
005 - DATE AND TIME OF LATEST TRANSACTION
- control field: 20250617070437.0
008 - FIXED-LENGTH DATA ELEMENTS
- fixed length control field: 051223 a|ac|n|aab||||||||||||a |n|||||||
040 ## - CATALOGING SOURCE
- Original cataloging agency: AM-YEHGA
100 1# - HEADING--PERSONAL NAME
- Personal name: Եղիկյան, Գրիգոր Կարապետի,
- Dates associated with a name: 1923-
400 1# - SEE FROM TRACING--PERSONAL NAME
- Personal name: Եղիկյան, Գրիգոր,
- Dates associated with a name: 1923-
400 1# - SEE FROM TRACING--PERSONAL NAME
- Personal name: Եղիկյան, Գր.
- Fuller form of name: (Գրիգոր),
- Dates associated with a name: 1923-
400 1# - SEE FROM TRACING--PERSONAL NAME
- Personal name: Եղիկյան, Գ.Կ.
- Fuller form of name: (Գրիգոր Կարապետի),
- Dates associated with a name: 1923-
400 1# - SEE FROM TRACING--PERSONAL NAME
- Personal name: Եղիկյան, Գ.
- Fuller form of name: (Գրիգոր),
- Dates associated with a name: 1923-
400 1# - SEE FROM TRACING--PERSONAL NAME
- Personal name: Եղիկյան, Գրիգոր
400 1# - SEE FROM TRACING--PERSONAL NAME
- Personal name: Եղիկյան, Գր.
400 1# - SEE FROM TRACING--PERSONAL NAME
- Personal name: Եղիկյան, Գրիգոր Կարապետի,
400 1# - SEE FROM TRACING--PERSONAL NAME
- Personal name: Егикян, Григор Карапетович,
- Dates associated with a name: 1923-
400 1# - SEE FROM TRACING--PERSONAL NAME
- Personal name: Eghikyan, Grigor Karapeti,
- Dates associated with a name: 1923-
670 ## - SOURCE DATA FOUND
- Source citation: Խաչատրյան Հ.Հ. Գրական տեղեկատու, 1986 :
- Information found: էջ 159 (Գրիգոր Կարապետի Եղիկյան (ծ. 24.3.1923, Երևան), բանաստեղծ, ՍՍՀՄ գրող. միութ. անդամ 1973-ից)
670 ## - SOURCE DATA FOUND
- Source citation: Կիկլիկո, 1964 :
- Information found: տիտղթ. (Գ.Կ. Եղիկյան)
670 ## - SOURCE DATA FOUND
- Source citation: Ամռան կախարդ մորուքը : Բանաստեղծություններ, 1988 :
- Information found: տիտղթ. (Գրիգոր Եղիկյան)
670 ## - SOURCE DATA FOUND
- Source citation: Կռվարար շլդիկը :Բանաստեղծ., 1975 :
- Information found: տիտղթ. (Գ. Եղիկյան)
670 ## - SOURCE DATA FOUND
- Source citation: Գաթա թխեմ :[Բանաստեղծ.], 1961 :
- Information found: տիտղթ. (Գր. Եղիկյան)
ՀՀ Գիտությունների ազգային ակադեմիայի հիմնարար գիտական գրադարան = Fundamental Scientific Library of NAS RA
All site content, except where otherwise noted, is licensed under a